000 00586nab a2200181 4500
001 244442
003 OSt
005 20251112134131.0
007 tu
008 200917s2020|||||||
040 _aDE-2950
_cDE-2950
245 0 0 _aRegionale Kunst entdecken
_bVersteigerung. Auf der 4. Frankfurter Kunstauktion kommen am Samstag 130 Werke in der Spectrum Galerie unter den Hammer/
_cRobert Iwanetz
264 _c2025
653 _aFrankfurt (Oder)
653 _aKunstauktion
773 0 _g36. Jahrgang (2025) Nr. 256 vom 04.11.2025, S. 16 mit Foto
_tMärkische Oderzeitung
942 _2z
_cA
999 _c374106
_d374106